Job evaluation (Record no. 12630)

000 -LEADER
fixed length control field 00370nam a22001457a 4500
008 - FIXED-LENGTH DATA ELEMENTS--GENERAL INFORMATION
fixed length control field 210210b ||||| |||| 00| 0 eng d
082 00 - DEWEY DECIMAL CLASSIFICATION NUMBER
Classification number 658.306
Item number Y546
100 ## - MAIN ENTRY--PERSONAL NAME
9 (RLIN) 4765
Personal name Yoga, M.
245 10 - TITLE STATEMENT
Title Job evaluation
260 ## - PUBLICATION, DISTRIBUTION, ETC. (IMPRINT)
Place of publication, distribution, etc New Delhi:
Name of publisher, distributor, etc National Productivity Council
Date of publication, distribution, etc 1971
300 ## - PHYSICAL DESCRIPTION
Extent 77p.
365 ## - TRADE PRICE
Unit of pricing 7.50
650 #0 - SUBJECT ADDED ENTRY--TOPICAL TERM
Topical term or geographic name as entry element Job Evaluation
942 ## - ADDED ENTRY ELEMENTS (KOHA)
Item type Books
Holdings
Withdrawn status Lost status Source of classification or shelving scheme Damaged status Not for loan Permanent location Current location Date acquired Source of acquisition Full call number Barcode Date last seen Koha item type
          IMU Kolkata IMU Kolkata 1973-06-16 Sankar’s Book Agency 658.306 Y546 03929 2021-02-10 Books
Designed and Maintained by IMU-KC Library, Kolkata Campus © Copyright All Rights Reserved

webs counters

Powered by Koha